000 00328nam a2200145 i 4500
001 bg
100 1 _aCHAIN, Wiktor J.
245 0 _aGeotektonika ogólna /
_cWiktor J. Chain.
260 _aWarszawa,
_c1974.
040 _cBPK
041 _apol
080 _a551.24
942 _cKS
008 s pl f |000 0 pol
999 _c26467
_d26467
856 _uhttp://koha.tu.koszalin.pl/cgi-bin/koha/opac-detail.pl?biblionumber=26467
_yKatalog online BPK